000 00517nam a2200181 a 4500
001 1768889530963
003 YourLibrary
005 20260120114329.0
008 260120s2003##################000#0#eng##
020 _a9780072967845
082 0 4 _a618.92898
_bBAL
100 1 _aRosenbloom, Sharon,
_eauthor.
245 1 0 _aLSC SOULS: BENEATH & BEYOND AUTISM (paperback version) :
260 _bLearning Solutions,
_c2003.
650 0 _aAutism in children.
942 _cENGLISH
040 _aYourLibrary
_beng
_cYourLibrary
999 _c608577
_d608577